000 00633nam a2200241Ia 4500
003 OSt
005 20221005070101.0
006 a|||||r|||| 00| 0
007 ta
008 221004b |||||||| |||| 00| 0 mar d
024 _a40248
037 _cTextual
040 _aCRL
_cCRL
_bmar
041 _2mar
_amar
082 _aO155,2N121,2, K0
100 _aSathe S.G.
_9605270
245 0 _aPahatechi Chahul
260 _aMumbai
_bPopular book depo India
300 _a97p.
_ccm.
650 _aMARATHI LITERATURE
_938000
942 _hO155,2N121,2, K0
_cTEXL
_2cc
999 _c975622
_d975622